Chansons d’ABBA par emojis - Statistiques

Statistiques générales
  • Ce quiz a été pris 30 fois
  • Le résultat moyen est 8 sur 20
Statistiques - réponses
Hint Réponse % Correct
💶💶💶 Money money money
100%
💃👸 Dancing queen
96%
🍯🍯 Honey honey
73%
🫴🫴🫴👨🕛 Gimme gimme gimme (a man after midnight)
69%
🇫🇷🐐💥🇧🇪 Waterloo
62%
👨🏻🇲🇽 Fernando
58%
🤌 Mamma mia
50%
👼👀 Angeleyes
46%
😴💭 I have a dream
42%
🔦✨✨ Super trouper
42%
😘👨‍🏫 When I kissed the teacher
38%
🦅 Eagle
35%
💁‍♂️💬❓ Voulez-vous
31%
☀️🌃 Summer night city
27%
🙏🎶🎤 Thank you for the music
27%
💍💍 Ring ring
19%
👩⬆️👠 Head over heels
8%
🪖 Soldiers
8%
🪃 Bang a boomerang
4%
🧍‍♂️🧍‍♀️ One man one woman
0%
Aucun quiz correspondant
Distribution des résultats
% des personnes avec chaque résultat
Percentile par nombre de réponses
Votre historique - résultats
Vous n’avez pas pris ce quiz